| 000 | 00544cam a2200169 a 4500 | ||
|---|---|---|---|
| 999 |
_c4745 _d4745 |
||
| 008 | 040628s1999 enka b 000 0 eng d | ||
| 020 |
_a9781841211015 _q(pbk.) : _cNT384 |
||
| 020 |
_a184121101X _q(pbk.) : _cNT384 |
||
| 082 | 0 | 4 |
_a821 AND _223 |
| 090 |
_a873.5987 _b0837 |
||
| 100 | 1 |
_aAndreae, Giles, _d1966- |
|
| 245 | 1 | 0 |
_aCommotion in the ocean / _cGiles Andreae ; illustrated by David Wojtowycz. |
| 260 |
_aLondon : _bOrchard Books, _c1999. |
||
| 300 |
_a[32] p. : _bcol. ill. ; _c31 cm. |
||
| 500 | _aOriginally published: 1998. | ||
| 942 | _2ddc | ||